Poesías completas y otras páginas
Guardat en:
| Autor principal: | |
|---|---|
| Format: | Llibre |
| Idioma: | espanyol |
| Publicat: |
Zaragoza
Ebro
1981
|
| Edició: | 10a. ed |
| Col·lecció: | Clásicos Ebro, 68
|
| Matèries: | |
| Etiquetes: |
Afegir etiqueta
Sense etiquetes, Sigues el primer a etiquetar aquest registre!
|
MARC
| LEADER | 00000nam a2200000 a 4500 | ||
|---|---|---|---|
| 001 | UCX7765 | ||
| 003 | CL-VaPUC | ||
| 008 | 931229e19810000SP |||||||||||||||||spa|d | ||
| 082 | 0 | 4 | |a 861 |b JUA |2 21 |
| 100 | 0 | |a San Juan de la Cruz |e author |9 317648 | |
| 245 | 1 | 0 | |a Poesías completas y otras páginas |
| 250 | |a 10a. ed | ||
| 300 | |a 125 p | ||
| 942 | |c BK | ||
| 945 | |d 19931229 00:00:00 |a rbrito | ||
| 260 | |a Zaragoza |b Ebro |c 1981 | ||
| 650 | 0 | |a Poesías españolas |9 265100 | |
| 583 | |a last modification |c 19931229 00:00:00 |k Rodrigo Vera | ||
| 490 | 0 | |a Clásicos Ebro, 68 | |
| 999 | |c 227489 |d 227487 | ||
| 952 | |0 0 |1 0 |4 0 |6 861_000000000000000_JUA_1981 |7 0 |8 A |9 226559 |a BIBEDU |b BIBEDU |d 2019-11-15 |i 2957671 |o 861 JUA 1981 |p 2957671 |r 2019-11-15 |w 2019-11-15 |y BK |k LIT | ||